000 00699nam a22002057a 4500
999 _c13714
_d13714
003 AR-CdUCM
008 190416b ||||| |||| 00| 0 spa d
040 _aMUNICIPALIDAD PROVINCIAL DEL CUSCO
_cBIBLIOTECA MUNICIPAL DEL CUSCO
082 _aC / 160 /
_bT35
100 _aTello Palomino, Luis Moises
_910318
245 _aLógica /
260 _aCuzco :
_bGarcilaso,
300 _a121 páginas ;
_c25 cm.
505 _aContenido : Consideraciones básicas -- Reseña de la lógica simbólica -- Mecanismo y funcionamiento de la lógica formalizada ...
650 _aLógica
_92358
650 _aTeoría
_95077
650 _aSímbolos
_9438
942 _2ddc
_cLIBROS
945 _arah
_d16/04/2019